Statistics for Fancy Vocabulary #2

Click here to take the quiz!

General Stats

  • This quiz has been taken 24,293 times
  • The average score is 10 of 20

Answer Stats

DefinitionAnswer% Correct
EnemyAdv{ersary}
92%
To seize power by forceUs{urp}
86%
The highest point, apexZ{enith}
76%
Uninterested; indifferentAp{athetic}
63%
Mercy, forgivenessCle{mency}
61%
Social outcastPa{riah}
61%
Attentive to detailFas{tidious}
56%
Modest, quiet, reservedDem{ure}
53%
Dominance over othersHeg{emony}
53%
Short-lived, fleetingEph{emeral}
49%
Revered, holySacro{sanct}
48%
Innumerable, countlessMy{riad}
44%
Puzzle, problemCon{undrum}
40%
Respectful, courteousDef{erential}
39%
Honest, trustfulIngen{uous}
39%
Rudeness, irritabilityPet{ulance}
37%
Silly or childishPue{rile}
35%
Nerve, audacityTem{erity}
31%
Idealistic; impracticalQui{xotic}
26%
Deception, sleight of handLeg{erdemain}
10%

Score Distribution

Percentile by Number Answered

Percent of People with Each Score

Your Score History

You have not taken this quiz